प्रसाद-साहित्य में मनोभावों के स्वरुप / (Record no. 121453)

MARC details
000 -LEADER
fixed length control field 01210nam a22002657a 4500
005 - DATE AND TIME OF LATEST TRANSACTION
control field 20170124103215.0
010 ## - LIBRARY OF CONGRESS CONTROL NUMBER
LC control number 622717
020 ## - INTERNATIONAL STANDARD BOOK NUMBER
Terms of availability 35.00
035 ## - SYSTEM CONTROL NUMBER
System control number 622717
037 ## - SOURCE OF ACQUISITION
Source of stock number/acquisition Cen Lib/Ret
040 ## - CATALOGING SOURCE
Original cataloging agency DPL
Language of cataloging HN
082 ## - DEWEY DECIMAL CLASSIFICATION NUMBER
Classification number 821.08
Item number पराश
100 ## - MAIN ENTRY--PERSONAL NAME
Personal name पराशर, इन्दुप्रभा
9 (RLIN) 9690
245 ## - TITLE STATEMENT
Title प्रसाद-साहित्य में मनोभावों के स्वरुप /
Statement of responsibility, etc इन्दुप्रभा पराशर
246 ## - VARYING FORM OF TITLE
Title proper/short title Prasad-sahitye me manobhavon ke swaroop /
Remainder of title by Induprabha Parashar
260 ## - PUBLICATION, DISTRIBUTION, ETC. (IMPRINT)
Place of publication, distribution, etc लखनऊ
Name of publisher, distributor, etc अध्यक्ष नंदन प्रकाशन
Date of publication, distribution, etc 1970
270 ## - ADDRESS
Address रानीकटरा
City लखनऊ
300 ## - PHYSICAL DESCRIPTION
Extent 495पृ.
Dimensions 22सेमी(सजिल्द)
500 ## - GENERAL NOTE
General note अनुक्रमाणिका शामिल
650 ## - SUBJECT ADDED ENTRY--TOPICAL TERM
Topical term or geographic name as entry element हिन्दी -- साहित्य
9 (RLIN) 98161
650 ## - SUBJECT ADDED ENTRY--TOPICAL TERM
Topical term or geographic name as entry element हिन्दी -- बालकों और किशोरों के मनोभाव
9 (RLIN) 98162
650 ## - SUBJECT ADDED ENTRY--TOPICAL TERM
Topical term or geographic name as entry element Hindi literature
9 (RLIN) 98163
650 ## - SUBJECT ADDED ENTRY--TOPICAL TERM
Topical term or geographic name as entry element Hindi - children and adolescents attitude
9 (RLIN) 98164
942 ## - ADDED ENTRY ELEMENTS (KOHA)
Source of classification or shelving scheme Dewey Decimal Classification
Koha item type Hindi Books
Classification part 821.08
Call number suffix पराश
Holdings
Withdrawn status Lost status Damaged status Not for loan Home library Current library Date acquired Source of acquisition Cost, normal purchase price Total Checkouts Full call number Barcode Date last seen Copy number Cost, replacement price Price effective from Koha item type
        Central Library Central Library 08/10/2015 Cen Lib/Ret 35.00   821.08 पराश 622717 08/10/2015 1 35.00 08/10/2015 Hindi Books

© Delhi Public Library
Hit Counter
free hit counter